[Event "DEN-ch B5 Gr2 "]
[Site "Koge"]
[Date "2004.04.??"]
[Round "1"]
[White "Hansen, Erik Hedegaard"]
[Black "Jensen, Jan"]
[Result "0-1"]
[WhiteElo "1755"]
[BlackElo "1761"]
[PlyCount "56"]
[EventDate "2004.04.08"]
[EventType "swiss"]
[EventRounds "5"]
[EventCountry "DEN"]
[SourceTitle "EXT 2023"]
[Source "ChessBase"]
[SourceDate "2022.10.05"]
[SourceVersion "1"]
[SourceVersionDate "2022.10.05"]
[SourceQuality "1"]

1. d4 Nf6 2. c4 e6 3. Nc3 Bb4 4. Qc2 c5 5. Nf3 Nc6 6. e3 0-0 7. Bd3 h6 8. 0-0 Bxc3 9. Qxc3 cxd4 10. exd4 d5 11. b3 Ne4 12. Bxe4 dxe4 13. Nd2 Nxd4 14. Re1 f5 15. Bb2 e5 16. f4 b6 17. fxe5 Ne6 18. Rad1 Qg5 19. Qg3 Nf4 20. Nf1 Nd3 21. Qxg5 hxg5 22. Re2 f4 23. Ba3 Bg4 24. Red2 Rfe8 25. Bd6 Bxd1 26. Rxd1 Nxe5 27. Rd5 Nf7 28. Bc7 e3 0-1

[Event "Lovsprings op 06th F"]
[Site "Ringsted"]
[Date "1994.05.22"]
[Round "7"]
[White "Vilsgaard, Lars"]
[Black "Jensen, Jan"]
[Result "0-1"]
[WhiteElo "1083"]
[BlackElo "1188"]
[PlyCount "82"]
[EventDate "1994.03.27"]
[EventType "swiss"]
[EventRounds "7"]
[EventCountry "DEN"]
[SourceTitle "EXT 2023"]
[Source "ChessBase"]
[SourceDate "2022.10.05"]
[SourceVersion "1"]
[SourceVersionDate "2022.10.05"]
[SourceQuality "1"]

1. e4 e5 2. Nf3 Nc6 3. Bb5 Nge7 4. Bxc6 Nxc6 5. d3 Bc5 6. 0-0 d6 7. h3 h6 8. Re1 Qf6 9. Nc3 Be6 10. Qe2 Nd4 11. Nxd4 Bxd4 12. Nb5 Bb6 13. Be3 Qe7 14. Bxb6 axb6 15. Qf3 c6 16. Nc3 0-0-0 17. Qe3 Kc7 18. a3 Qf6 19. Rad1 g5 20. f3 h5 21. Na4 c5 22. Nc3 Kc6 23. Rb1 g4 24. fxg4 hxg4 25. Rf1 Qh4 26. b4 gxh3 27. Qe1 Qxe1 28. Rfxe1 hxg2 29. bxc5 bxc5 30. Rb2 Rdg8 31. Rbb1 Rh1+ 32. Kf2 Rh2 33. Rg1 Rg4 34. Ne2 Rg6 35. Ke3 Rh3+ 36. Kd2 Rf3 37. a4 Rf2 38. a5 Bg4 39. Rbe1 Rgf6 40. Ke3 Bh3 41. Ra1 Rf1 0-1

[Event "Lovsprings op 06th F"]
[Site "Ringsted"]
[Date "1994.05.08"]
[Round "6"]
[White "Thomsen, Daniel"]
[Black "Jensen, Jan"]
[Result "0-1"]
[WhiteElo "1100"]
[BlackElo "1188"]
[PlyCount "110"]
[EventDate "1994.03.27"]
[EventType "swiss"]
[EventRounds "7"]
[EventCountry "DEN"]
[SourceTitle "EXT 2023"]
[Source "ChessBase"]
[SourceDate "2022.10.05"]
[SourceVersion "1"]
[SourceVersionDate "2022.10.05"]
[SourceQuality "1"]

1. c4 Nf6 2. Nc3 e5 3. Nf3 Nc6 4. e3 Bb4 5. Qc2 d6 6. d3 Bg4 7. Be2 0-0 8. a3 Bxc3+ 9. Qxc3 Re8 10. e4 h6 11. 0-0 Bxf3 12. Bxf3 Nd4 13. Bd1 c5 14. Be3 Ne6 15. b4 b6 16. bxc5 bxc5 17. Bf3 Rb8 18. Rad1 Qe7 19. Rfe1 Rb6 20. Qd2 g5 21. h4 Nh7 22. hxg5 hxg5 23. Bg4 f6 24. Bxe6+ Qxe6 25. f3 Qf7 26. g4 Reb8 27. Qh2 Qg6 28. Re2 Kg7 29. Kg2 Rh8 30. Rh1 Rb3 31. Rd2 Rxa3 32. Rb1 Qf7 33. Rdb2 Re8 34. Rb3 Ra2+ 35. R1b2 Rxb2+ 36. Rxb2 Nf8 37. Kg3 Ne6 38. Qh1 Rh8 39. Qg2 Kg6 40. Rb3 Qh7 41. Kf2 a5 42. Rb6 Qc7 43. Ra6 Rb8 44. Kg3 Nf4 45. Qd2 Qh7 46. Bxf4 gxf4+ 47. Kg2 Rh8 48. Qe1 Qh2+ 49. Kf1 Qh1+ 50. Ke2 Rh2+ 51. Kd1 Qxf3+ 52. Kc1 Rh1 53. Qxh1 Qxh1+ 54. Kd2 f3 55. Rxa5 f2 0-1

[Event "Lovsprings op 06th F"]
[Site "Ringsted"]
[Date "1994.05.01"]
[Round "5"]
[White "Jensen, Peter Haugaard"]
[Black "Jensen, Jan"]
[Result "0-1"]
[WhiteElo "1100"]
[BlackElo "1188"]
[PlyCount "86"]
[EventDate "1994.03.27"]
[EventType "swiss"]
[EventRounds "7"]
[EventCountry "DEN"]
[SourceTitle "EXT 2023"]
[Source "ChessBase"]
[SourceDate "2022.10.05"]
[SourceVersion "1"]
[SourceVersionDate "2022.10.05"]
[SourceQuality "1"]

1. e4 e5 2. Nf3 Nc6 3. Nc3 Bc5 4. Bc4 Nf6 5. Ng5 0-0 6. d3 h6 7. Nf3 d6 8. Qe2 Bg4 9. h3 Bxf3 10. Qxf3 Nd4 11. Qd1 Nd7 12. 0-0 Nb6 13. Qg4 Kh8 14. Qd1 Nxc4 15. dxc4 f5 16. Re1 fxe4 17. Rxe4 Ne6 18. Qe2 c6 19. Be3 Bxe3 20. Rxe3 Nd4 21. Qd2 Qg5 22. Ne4 Qg6 23. c3 Nf3+ 24. Rxf3 Rxf3 25. Kf1 Rff8 26. Nxd6 Rad8 27. Rd1 Rf6 28. c5 Kg8 29. h4 b6 30. b4 bxc5 31. bxc5 Rdf8 32. f3 e4 33. Kf2 exf3 34. g3 Qg4 35. Re1 Qh3 36. Ne4 Qg2+ 37. Ke3 f2 38. Nxf6+ Rxf6 39. Qd8+ Rf8 40. Qd1 Re8+ 41. Kf4 fxe1Q 42. Qh5 Rf8+ 43. Kg4 Qee4# 0-1

[Event "Lovsprings op 06th F"]
[Site "Ringsted"]
[Date "1994.04.24"]
[Round "4"]
[White "Jensen, Jan"]
[Black "Dinesen, Henrik"]
[Result "1/2-1/2"]
[WhiteElo "1188"]
[BlackElo "1198"]
[PlyCount "50"]
[EventDate "1994.03.27"]
[EventType "swiss"]
[EventRounds "7"]
[EventCountry "DEN"]
[SourceTitle "EXT 2023"]
[Source "ChessBase"]
[SourceDate "2022.10.05"]
[SourceVersion "1"]
[SourceVersionDate "2022.10.05"]
[SourceQuality "1"]

1. e4 c6 2. Nf3 d5 3. exd5 cxd5 4. Bb5+ Nc6 5. Nc3 Nf6 6. 0-0 Bf5 7. d3 Qc7 8. Bg5 e6 9. Bxf6 gxf6 10. Nd4 Bg4 11. Qxg4 Bd6 12. g3 0-0-0 13. Bxc6 bxc6 14. Qf3 f5 15. Nde2 Rdg8 16. Kh1 h5 17. h4 Rg4 18. Rg1 Qd8 19. Rg2 Rhg8 20. Rag1 Qf6 21. a3 e5 22. Rh2 f4 23. Rh3 Qg6 24. Kh2 Be7 25. Rg2 f5 1/2-1/2

[Event "Lovsprings op 06th F"]
[Site "Ringsted"]
[Date "1994.04.10"]
[Round "3"]
[White "Jensen, Jan"]
[Black "Astrup, Knud"]
[Result "0-1"]
[WhiteElo "1188"]
[BlackElo "1068"]
[PlyCount "64"]
[EventDate "1994.03.27"]
[EventType "swiss"]
[EventRounds "7"]
[EventCountry "DEN"]
[SourceTitle "EXT 2023"]
[Source "ChessBase"]
[SourceDate "2022.10.05"]
[SourceVersion "1"]
[SourceVersionDate "2022.10.05"]
[SourceQuality "1"]

1. e4 e6 2. Nf3 d5 3. Nc3 Nf6 4. d3 Bb4 5. Bd2 dxe4 6. Nxe4 Bxd2+ 7. Nfxd2 Nc6 8. c3 b6 9. Qf3 Nxe4 10. Nxe4 0-0 11. d4 Bb7 12. Bd3 Rb8 13. 0-0 Ne7 14. Qh3 Ng6 15. Nd2 f5 16. Nf3 Nf4 17. Qg3 Nxd3 18. Rab1 Be4 19. Nd2 Nxf2 20. Rxf2 Bxb1 21. Nxb1 Qd5 22. a3 c5 23. Rd2 Qe4 24. Rd1 cxd4 25. cxd4 Rbd8 26. Qf2 f4 27. Nc3 Qc6 28. h3 Rf5 29. Ne2 e5 30. Re1 Qf6 31. dxe5 Rxe5 32. Rf1 Rd2 0-1